الاستعداد للقرن الحادي والعشرين /

يمثل هذا الكتاب محصلة لأعمال الندوة المصرية الفرنسية الثالثة التى انعقدت بالقاهرة فى الفترة من 29 سبتمبر الى اول اكتوبر 1990 فى موضوع التحولات الديمقراطية فى الوطن العربى....

全面介绍

Saved in:
书目详细资料
主要作者: كنيدي، بول
其他作者: عبد القادر، محمد، (مترجم.), مسعود، غازي، (مترجم.)
格式: 图书
语言:阿拉伯语
出版: الأردن : دار الشروق للنشر والتوزيع، 1993.
主题:
标签: 添加标签
没有标签, 成为第一个标记此记录!

MARC

LEADER 00000nam a22000007a 4500
003 INP
005 20201003204528.0
008 171231s1993 jo ||||fr|||| 00| 0 ara d
952 |0 0  |1 0  |4 0  |6 309_212000000000000_ك_ا  |7 0  |8 arabic_Boo  |9 20618  |a INP  |b INP  |c MAIN  |d 2020-09-05  |l 0  |o 309.212 ك ا  |p 021523  |r 2022-03-28 00:00:00  |w 2020-09-05  |y BK 
999 |c 16681  |d 16681 
017 |a 1993/10/1065 
040 |a EG-INP  |b ara  |c EG-INP 
082 0 4 |2 21  |a 309.212  |b ك ا 
100 1 |a كنيدي، بول  
245 1 2 |a الاستعداد للقرن الحادي والعشرين /   |c بول كنيدي ؛ ترجمة محمد عبد القادر، غازي مسعود 
260 |a الأردن :   |b دار الشروق للنشر والتوزيع،   |c 1993. 
300 |a 482 ص. ؛   |c 24 سم. 
520 |a يمثل هذا الكتاب محصلة لأعمال الندوة المصرية الفرنسية الثالثة التى انعقدت بالقاهرة فى الفترة من 29 سبتمبر الى اول اكتوبر 1990 فى موضوع التحولات الديمقراطية فى الوطن العربى. 
650 7 |2 qramk  |a التنمية الاقتصادية 
650 7 |2 qramk  |a التنمية الاجتماعية 
650 7 |2 qramk  |a الأحوال الاقتصادية 
700 1 |a عبد القادر، محمد،   |e مترجم. 
700 1 |a  مسعود، غازي،   |e مترجم. 
901 |a EGPV2 
903 |a original 
942 |2 ddc  |c BK